| 000 | 01185nmc a2200385 a 4500 | ||
|---|---|---|---|
| 003 | AR-BaBNM | ||
| 005 | 20251128204836.0 | ||
| 008 | 296019s1992 ||||||||||||||000 | spa|| | ||
| 020 | _a950-05-0688-2 | ||
| 040 | _cAR-BaBNM | ||
| 100 | 1 | _aLevene, Ricardo | |
| 245 | 1 | 0 |
_aLecciones de historia argentina _n1 |
| 250 | _a25ª ed. | ||
| 260 |
_aBuenos Aires _bEdiciones Corregidor _c1992 |
||
| 300 | 0 |
_a400 p. _bmapas, cuadros |
|
| 490 | 0 |
_aObras completas _vv. 8 |
|
| 650 | 4 | _aHISTORIA ARGENTINA | |
| 650 | 4 | _aABORIGENES ARGENTINOS | |
| 650 | 4 | _aMISIONES JESUITICAS | |
| 650 | 4 | _aCOLONIZACION DEL RIO DE LA PLATA | |
| 650 | 4 | _aGOBERNACION DEL RIO DE LA PLATA | |
| 650 | 4 | _aGOBERNACION DE TUCUMAN | |
| 650 | 4 | _aINSTITUCIONES HISPANOAMERICANAS | |
| 650 | 4 | _aVIRREINATO DEL RIO DE LA PLATA | |
| 650 | 4 | _aHISTORIA ECONOMICA | |
| 650 | 4 | _aHISTORIA POLITICA | |
| 650 | 4 | _aMOVIMIENTOS EMANCIPADORES LATINOAMERICANOS | |
| 650 | 4 | _aREVOLUCION DE MAYO | |
| 650 | 4 | _aCABILDO ABIERTO DEL 22 DE MAYO | |
| 653 | 0 | _aDESCUBRIMIENTO DE AMERICA | |
| 700 | 1 |
_aLevene, Ricardo _ecolaborador |
|
| 700 | 1 |
_aGonzález, Joaquín V. _eprologuista |
|
| 942 | _cBK | ||
| 998 | _cenrique | ||
| 999 |
_c9004 _d9004 |
||